ბათუმის შოთა რუსთაველის სახელმწიფო უნივერსიტეტის ბიბლიოთეკა

მოთხრობები:1958-1960 წლები. ტ.3 (ბიბ.ჩანაწერი № 40497)

000 -LEADER
fixed length control field 00982nam a2200265Ia 4500
001 - CONTROL NUMBER
control field 7108
003 - CONTROL NUMBER IDENTIFIER
control field GE_BSU
008 - FIXED-LENGTH DATA ELEMENTS--GENERAL INFORMATION
fixed length control field 181216s||||||||xx |||||||||||||| ||und||
020 ## - INTERNATIONAL STANDARD BOOK NUMBER
International Standard Book Number 9789941194269.
040 ## - CATALOGING SOURCE
Transcribing agency GE_BSU
080 ## - UNIVERSAL DECIMAL CLASSIFICATION NUMBER
Universal Decimal Classification number 821.353.1+821.353.1-32
100 ## - MAIN ENTRY--PERSONAL NAME
Personal name რჩეულიშვილი,გურამ.
245 ## - TITLE STATEMENT
Title მოთხრობები:1958-1960 წლები. ტ.3
245 ## - TITLE STATEMENT
Remainder of title პროზა.
245 ## - TITLE STATEMENT
Statement of responsibility, etc. შემდგ:მარინე რჩეულიშვილი;სარედ:ჯგ.ზურაბ აბაშიძე;მანანა ჯანელიძე;ირმა ხარშილაძე.
250 ## - EDITION STATEMENT
Edition statement (ჩემი რჩეული, ტ34: ISSN 2233-3037)
260 ## - PUBLICATION, DISTRIBUTION, ETC.
Place of publication, distribution, etc. თბილისი.
260 ## - PUBLICATION, DISTRIBUTION, ETC.
Name of publisher, distributor, etc. პალიტრა L.
260 ## - PUBLICATION, DISTRIBUTION, ETC.
Date of publication, distribution, etc. 2012.
300 ## - PHYSICAL DESCRIPTION
Extent 392გვ;20სმ.
653 ## - INDEX TERM--UNCONTROLLED
Uncontrolled term მოთხრობები.
653 ## - INDEX TERM--UNCONTROLLED
Uncontrolled term პროზა.
942 ## - ADDED ENTRY ELEMENTS (KOHA)
Koha item type წიგნი
ეგზემპლარები
Withdrawn status Lost status Damaged status Not for loan Date acquired Barcode Date last seen Price effective from Koha item type
        2018-12-17 22707 2018-12-17 2018-12-17 წიგნი
        2018-12-17 22708 2018-12-17 2018-12-17 წიგნი
        2018-12-17 22709 2018-12-17 2018-12-17 წიგნი